| 000 | 00396nam a2200157Ia 4500 | ||
|---|---|---|---|
| 008 | 221030s9999 xx 000 0 und d | ||
| 041 | _aEnglish | ||
| 082 |
_a105.23 _bMal |
||
| 100 | _aA. P. Malvino | ||
| 245 | 0 |
_aDigital Computer Electronics _cby A. P. Malvino, J. A. Brown |
|
| 260 |
_bTMH _aNew Delhi _c1997 |
||
| 300 | _a522 | ||
| 650 | _aBE Computer | ||
| 700 | _aJ. A. Brown | ||
| 942 | _cBK | ||
| 999 |
_c1508 _d1508 |
||